Valor y derecho: introducción axiológica a la filosofía jurídica
I tiakina i:
| Kaituhi matua: | |
|---|---|
| Hōputu: | Pukapuka |
| Reo: | Pāniora |
| I whakaputaina: |
Buenos Aires
Abeledo-Perrot
1998
|
| Ngā marau: | |
| Ngā Tūtohu: |
Tāpirihia he Tūtohu
Kāore He Tūtohu, Me noho koe te mea tuatahi ki te tūtohu i tēnei pūkete!
|
MARC
| LEADER | 00000nam a2200000 a 4500 | ||
|---|---|---|---|
| 001 | UCO1914 | ||
| 003 | CL-VaPUC | ||
| 008 | 000525e19980000AG |||||||||||||||||spa|d | ||
| 082 | 0 | 4 | |a 340.1 |b HER |2 21 |
| 100 | |a Hernández, Héctor H |e author |9 571382 | ||
| 245 | 1 | 0 | |a Valor y derecho: introducción axiológica a la filosofía jurídica |
| 300 | |a 245 p | ||
| 942 | |c BK | ||
| 945 | |d 20000525 00:00:00 |a vberengu | ||
| 260 | |a Buenos Aires |b Abeledo-Perrot |c 1998 | ||
| 650 | 0 | |a Bien |9 335293 | |
| 650 | 0 | |a Bien común |9 346393 | |
| 650 | 0 | |a Bien jurídico |9 392951 | |
| 650 | 0 | |a Filosofía del derecho |9 255050 | |
| 650 | 7 | |a HECHOS |2 CL-VaPUC |9 441988 | |
| 650 | 0 | |a Valor |9 323720 | |
| 650 | 0 | |a Valores jurídicos |9 366182 | |
| 583 | |a last modification |c 20000525 00:00:00 |k Rodrigo Vera | ||
| 999 | |c 288482 |d 288480 | ||
| 952 | |0 0 |1 0 |4 0 |6 340_100000000000000_HER_1998 |7 0 |8 DER_TF |9 336169 |a BIBDER |b BIBDER |d 2019-11-20 |i 3590003 |l 1 |m 2 |o 340.1 HER 1998 |p 3590003 |r 2023-03-20 |s 2022-10-26 |w 2019-11-20 |x Ubicación 4to Piso |y BK |z Estos recursos deben solicitarse con anticipación |k DER | ||